00834cam a22002411 450000100060000000300080000600500170001400800410003103500190007203500180009104000400010904100080014908200220015710000290017924500530020826000500026130000330031150400400034465100380038494200120042299900170043495201410045126946BD-RjUL20211209051106.0140324s1964 okub b 001 0 eng d a(BD-RjUL)27017 a(OCoLC)991675 aDLCcOClUdOCoLCdDLCdBD-RjULbeng aeng00a915.691bZID 19641 aZiadeh, Nicola A.98281610aDamascus under the Mamlūks /c Nicola A Ziadeh aNorman :bUniversity of Oklahoma Press,c1964 axx, 140 p. :bill. ;c19 cm. aBibliography: p. 132-134. and Index 0aDamascus (Syria)xHistory.982818 2ddccBK c26946d26946 00102ddc40728NFICaRUCLbRUCLcReadingd1971-07-28eZeitlingerg28.00l0o915.691 ZID 1964r2014-03-24 00:00:00tC-1w2014-03-24yBK